LEADER 01307nam2 2200325 i 450 001 RMG0021840 005 20231121125651.0 010 $a8808148408 020 $aIT$b2000-12877 100 $a20080421d1996 ||||0itac50 ba 101 | $aita 102 $ait 181 1$6z01$ai $bxxxe 182 1$6z01$an 200 1 $a˜[2]: Le œsocietà$econtratto di società, società di persone, società per azioni, altre società di capitali, società cooperative$fFrancesco Galgano 205 $aEd. 1996-97 210 $aBologna$cZanichelli$d1996 215 $aXIX, 476 p.$d27 cm. 461 1$1001CFI0165895$12001 $aDiritto commerciale$fFrancesco Galgano$v2 606 $aDiritto commerciale$2FIR$3RMLC067534$9I 700 1$aGalgano$b, Francesco$3CFIV005804$4070$0267658 801 3$aIT$bIT-01$c20080421 850 $aIT-RM1164 $aIT-FR0098 899 $aBiblioteca Luca Pacioli Dipartimento Ragioneria$bRM1164 899 $aBiblioteca Area Giuridico Economica$bFR0098 912 $aRMG0021840 950 2$aBiblioteca Area Giuridico Economica$d 53DSG 02/0297$e 53VM 0000206035 VM barcode:GIU000657. - Inventario:981VM$fA $h20010423$i20121204 977 $a 40$a 53 996 $aSocietà$963402 997 $aUNICAS